When the harvest moon is blue (Record no. 515980)

000 -LEADER
fixed length control field 00315nam a22001217a 4500
082 ## - DEWEY DECIMAL CLASSIFICATION NUMBER
Classification number TNC A99 B851
100 ## - MAIN ENTRY--PERSONAL NAME
Personal name Buch, M. N.
9 (RLIN) 22262
245 ## - TITLE STATEMENT
Title When the harvest moon is blue
Statement of responsibility, etc M. N. Buch
260 ## - PUBLICATION, DISTRIBUTION, ETC. (IMPRINT)
Place of publication, distribution, etc New Delhi
Name of publisher, distributor, etc Har- Anand
Date of publication, distribution, etc 2008
300 ## - PHYSICAL DESCRIPTION
Extent 292p.
650 ## - SUBJECT ADDED ENTRY--TOPICAL TERM
Topical term or geographic name as entry element Buch, M. N.
9 (RLIN) 23449
650 ## - SUBJECT ADDED ENTRY--TOPICAL TERM
Topical term or geographic name as entry element 1934 - 2015
9 (RLIN) 23450
Holdings
Withdrawn status Lost status Source of classification or shelving scheme Damaged status Koha normalized classification for sorting Not for loan Permanent location Current location Date acquired Full call number Barcode Date last seen Price effective from Koha item type
        TNC_A99_B851   Indian Institute of Public Administration Indian Institute of Public Administration 2021-02-12 TNC A99 B851 GR22698 2021-02-12 2021-02-12 GR

Powered by Koha